000 00624nam a2200253 a 4500
001 nice12345678
003 IN_TiNIC
005 20260116011521.0
008 050524s0000 lona grp 000 0 eng
020 _a
_c0
082 0 0 _a954.025
_bMUK
100 _aMukerjee, R
245 _aEconomic History of India 1600-1800
260 _aLondon
_bLongmans, Green and Co
_c0000
300 _a195p
500 _aincludes index and biblioraphy
505 2 _aIndex
650 _aBritish-India Economics
650 _aMughal India-Economics
700 1 _aMukerjee, R
902 _bSRS
942 _cBK
999 _c2238
_d2238